Un aǫ de reflexin̤ en torno a los derechos humanos agosto de 2007- agosto de 2008

Bibliographic Details
Format: eBook
Language:Spanish
Published: Tlalnepantla de Baz : Comisin̤ de Derechos Humanos del Estado de Mx̌ico (CODHEM), 2012
Subjects:
Online Access:http://www.vlex.com/source/6836

MARC

LEADER 00000nam a22000007a 4500
005 20130125135849.0
007 cr|||| ||||
008 130125e2012 mx |||||s|||| 00||0 spa d
035 |a 6836 
040 |a vLex 
090 |c 3615  |d 3615 
245 0 3 |a Un aǫ de reflexin̤ en torno a los derechos humanos  |b agosto de 2007- agosto de 2008  |h [Recurso electrn̤ico] 
256 |a Servicio en ln̕ea 
260 |a Tlalnepantla de Baz :  |b Comisin̤ de Derechos Humanos del Estado de Mx̌ico (CODHEM),   |c 2012 
300 |a 1 Recurso electrn̤ico 
650 0 4 |a Derechos humanos  |z Mx̌ico 
740 |a vLex Libros (Servicio en ln̕ea) 
856 |a Acceso restringido  |u http://www.vlex.com/source/6836 
942 |c BOOK 
999 0 |a Human rights